Control estadístico de calidad y Seis Sigma
Wedi'i Gadw mewn:
| Prif Awduron: | , |
|---|---|
| Fformat: | Llyfr |
| Iaith: | Sbaeneg |
| Cyhoeddwyd: |
Ciudad de México
McGraw-Hill
2004
|
| Rhifyn: | 1a. ed |
| Pynciau: | |
| Tagiau: |
Ychwanegu Tag
Dim Tagiau, Byddwch y cyntaf i dagio'r cofnod hwn!
|
MARC
| LEADER | 00000nam a2200000 a 4500 | ||
|---|---|---|---|
| 001 | UCK2074 | ||
| 003 | CL-VaPUC | ||
| 008 | 041217e20040000MX |||||||||||||||||spa|d | ||
| 020 | |a 9701047249 | ||
| 082 | 0 | 4 | |a 658.562 |b GUT |2 21 |
| 100 | |a Gutiérrez Pulido, Humberto |e author |9 222254 | ||
| 700 | 0 | |a Vara Salazar, Román de la |e author |9 489898 | |
| 245 | 1 | 0 | |a Control estadístico de calidad y Seis Sigma |
| 250 | |a 1a. ed | ||
| 300 | |a 636 p | ||
| 942 | |c BK | ||
| 945 | |d 20041217 00:00:00 |a cmena | ||
| 260 | |a Ciudad de México |b McGraw-Hill |c 2004 | ||
| 650 | 0 | |a Control de calidad |9 259714 | |
| 650 | 0 | |a Competitividad |9 308495 | |
| 650 | 0 | |a Muestreo (Estadística) |9 270232 | |
| 650 | 0 | |a Estadística matemática |9 260028 | |
| 583 | |a last modification |c 20160909 09:41:40 |k Rodrigo Vera | ||
| 999 | |c 311734 |d 311732 | ||
| 952 | |0 0 |1 0 |4 0 |6 658_562000000000000_GUT_2004 |7 0 |8 A |9 381338 |a BIBING |b BIBING |d 2019-11-21 |i 4087046 |o 658.562 GUT 2004 |p 4087046 |r 2023-03-02 |w 2019-11-21 |y BK |k EII | ||
| 952 | |0 0 |1 0 |4 0 |6 658_562000000000000_GUT_2004 |7 0 |8 A |9 381339 |a BIBING |b BIBING |d 2019-11-21 |i 4310209 |o 658.562 GUT 2004 |p 4310209 |r 2025-01-20 |w 2019-11-21 |y BK |k EII | ||
| 952 | |0 0 |1 0 |4 0 |6 658_562000000000000_GUT_2004 |7 0 |8 A |9 381340 |a BIBING |b BIBING |d 2019-11-21 |i 4310217 |l 1 |m 1 |o 658.562 GUT 2004 |p 4310217 |r 2025-01-20 |s 2021-11-29 |w 2019-11-21 |y BK |k EII | ||